| 000 | 00879cam a2200241 4500 | ||
|---|---|---|---|
| 008 | 000000n2000 000 0 eng u | ||
| 020 | _a1902375491 | ||
| 035 | _a(Sirsi) u103518 | ||
| 050 |
_a332.63240973 _c18 |
||
| 100 | _aBaum, Andrew | ||
| 245 | _aCommercial real estate investment | ||
| 260 |
_aOxford _bChandos Publishing _c2000 |
||
| 300 |
_axvi,170p. _c28cm. |
||
| 350 | _a59.95 | ||
| 520 | _aThis text book analyses all aspects which relate to successful investment in real estate. Subjects covered include appraising property investments, performance measurement and management of commercial real estate. The book was reprinted by Estates Gazette in 2002 (ISBN 0728203898). | ||
| 650 | _aREAL ESTATE | ||
| 650 | _aASSET MANAGEMENT | ||
| 650 | _aCOMMERICAL PROPERTY | ||
| 650 | _aINVESTORS | ||
| 650 | _aPORTFOLIOS | ||
| 690 | _aINVESTMENT | ||
| 942 | _n0 | ||
| 999 |
_c100137 _d100137 |
||